00340cam a22001097a 4500008004000000082001800040100002400058245007800082260002700160300000900187650003400196180718b1963 xxu||||| |||| 00| 0 eng d aA99 V836/Sh23 aSharma, Benishankar aSwami Vivekananda: a forgotten chapter of his lifecby Benishankar Sharma aCalcuttabOxfordc1963 a229p aVivekananda, Swami, 1863-1902